[Event "Davos op 20th"]
[Site "Davos"]
[Date "2021.06.13"]
[Round "4"]
[White "Rappazzo, Johannes"]
[Black "Glatzl, Andre"]
[Result "1-0"]
[WhiteElo "1682"]
[BlackElo "1318"]
[PlyCount "43"]
[EventDate "2021.06.11"]
[EventType "swiss"]
[EventRounds "5"]
[EventCountry "SUI"]
[SourceTitle "CBM 203 Extra"]
[Source "ChessBase"]
[SourceDate "2021.09.30"]
[SourceVersion "1"]
[SourceVersionDate "2021.09.30"]
[SourceQuality "1"]

1. e4 e5 2. Nf3 Nc6 3. Bc4 Bc5 4. b4 Bxb4 5. c3 Ba5 6. d4 d6 7. Qb3 Qe7 8. 0-0 h6 9. dxe5 dxe5 10. Ba3 Qf6 11. Rd1 Nge7 12. Bxe7 Qxe7 13. Rd5 f6 14. Nh4 g5 15. Ng6 Qg7 16. Nxh8 Qxh8 17. Na3 Bd7 18. Rad1 0-0-0 19. Rxd7 Rxd7 20. Be6 Bxc3 21. Bxd7+ Kd8 22. Bxc6+ 1-0